Igló sétatér és evang. templom

Zobrazenie: Pohľad na promenádu s ôsmymi ľuďmi a v pozadí stojí evanjelický kostol

Bibliographic Details
Format: Postcard
Language:Hungarian
PhysicalDescription:1 pohľadnica kolorovaná 9 x 14 cm
Published: Igló Stein Henrik 1918
Subjects:

MARC

LEADER 00000nkm a2200000 a 4500
001 vtls011770565
003 SK-MaSNL
005 20260512123539.0
007 kp ho
008 230706s1918 xo g kuhun
015 |a SNBG1918 
035 |a urn:nbn:sk:snk-km00domj 
035 |a urn:nbn:sk:snk-km3lyny 
035 |a 7D9F56C2-0901-4099-A86C-D8FCE3D2A3B2 
040 |a SNK  |b slo  |c SNK  |e AACR2 
041 0 |a hun 
043 |a e-xo--- 
044 |a xo  |c SK 
072 7 |a 913  |x Regionálna geografia  |2 konspekt 
072 7 |a 72  |x Architektúra  |2 konspekt 
080 |a 913(437.6)  |2 2011 
080 |a 726:27-523.42  |2 2011 
080 |a (084.121)  |2 2011 
245 0 0 |a Igló  |h grafika  |b sétatér és evang. templom 
260 |a Igló  |b Stein Henrik  |c 1918  |e [Budapešť?]  |e K. J. Bp. 
300 |a 1 pohľadnica  |b kolorovaná  |c 9 x 14 cm 
500 |a Názvové údaje prevzaté z obrazovej časti pohľadnice 
520 8 |a Zobrazenie: Pohľad na promenádu s ôsmymi ľuďmi a v pozadí stojí evanjelický kostol 
650 0 7 |a kostoly  |2 SNKPH  |9 3023 
651 7 |a Spišská Nová Ves (Slovensko)  |2 SNKPHgeo  |9 28800 
655 7 |a miestne pohľadnice  |2 SNKPH  |9 70510 
752 |a Slovensko  |d Spišská Nová Ves 
852 |a Slovenská národná knižnica 
958 |a GBN 
958 |a ONDV 
958 |a GC 
999 |c 770792  |d 772722 
952 |a SNK  |b SNK  |y PREZ  |7 0  |p 17A1244934  |o snkSP 34307  |0 0  |1 0  |4 0  |d 2018-08-03  |f 1  |l 0  |r 2026-02-24 00:33:56  |w 2026-02-24